000 01172naa a22002897a 4500
001 BR8300694
003 BR-BrBNA
005 20240918175223.0
007 ta
008 230509b bl.||||| |||| 00| 0 por d
040 _aBR-BrBNA
_bpor
_cBiblioteca Nacional de Agricultura
041 _a(En)
072 _aP05
_b/G374
090 _aP05 BR8300694
100 1 _aSummers, B.A.
111 1 _a2. Seminario sobre Biomassa como Energia na Industria
_cRio de Janeiro, RJ (Brazil)
_dApr 1982
245 1 _aThe use in Canada of bioenergy by industry [biomassa, energia, industrializacao]
260 3 _aRio de Janeiro, RJ (Brasil):
_c1982.
500 _aAnais do 2. Seminario sobre Biomassa como Energia na Industria. Aproveitamento energetico de residuos Rio de Janeiro, RJ (Brasil): 1982. v. 1 p. 33-42 (BR8300694-AM)P05
650 _aENERGIA
650 _aBIOMASSA
650 _aINDUSTRIALIZACAO
650 _aCANADA
773 0 _tAnais do 2. Seminario sobre Biomassa como Energia na Industria. Aproveitamento energetico de residuos
_wP05 BR8300694
_gRio de Janeiro, RJ (Brasil), 1982. v. 1 p. 33-42
909 _a202404
_bLucia
_c55
_dLucia Elande
942 _cAM
_2AGRIS
999 _c315688
_d315688